| 000 | 00810nam a22002417a 4500 | ||
|---|---|---|---|
| 999 |
_c18945 _d18945 |
||
| 005 | 20180118112227.0 | ||
| 008 | 160801b xxu||||| |||| 00| 0 spa d | ||
| 020 | _a9583368237 | ||
| 040 |
_aCO-BoIAVH _cCO-BoIAVH |
||
| 041 | _aspa | ||
| 044 | _ack | ||
| 090 |
_aFG _b128 |
||
| 100 | 1 | _aMadriñan, Santiago | |
| 245 | 1 | 0 |
_aFlora Ilustrada del Páramo de Chingaza: _bGuía de Campo de Plantas Comunes |
| 260 |
_aBogotá: _bUniversidad de los Andes, _c2004. |
||
| 300 |
_a30 Paginas _c27 x 10 cm |
||
| 650 | 1 | 4 |
_aFlora _zPáramo de Chingaza |
| 650 | 1 | 4 |
_aLista de Especies _zPáramo de Chingaza |
| 650 | 1 | 4 |
_aClasificación _zPáramo de Chingaza |
| 650 | 1 | 4 |
_aDescripción Flora _zPáramo de Chingaza |
| 710 | _aAcueducto de Bogotá | ||
| 942 |
_2z _cFolleto _03 |
||